ESC - Eurovision Song Contest Siegertitel Sudden Death - Statistiken

Allgemein
  • Dieses Quiz wurde 1.158 mal gespielt
  • Das Durchschnittsergebnis liegt bei 10 aus 24
Answers on the Grid
Answers color-coded by a green-red scale on the quiz's grid according to % correct below.
Merci, Cheri
Puppet on a String
Congratulations
I belong
Un premier amour
Après toi
Waterloo
Ding-a-Dong
Let me be the One
Hallelujah
Papa Pingouin
Diggi-loo Diggi-ley
Save your kisses for me
Better the Devil You Know
Making Your Mind Up
Ein bisschen Frieden
What's another year
To nie ja!
Theater
Hora
Ne partez pas sans moi
Hold Me Now
Why Me
Rock 'n' Roll Kids
Calm After the Storm
Everyway That I Can
Party For Everybody
A Million Voices
Wild Dances
Believe
Molitva
Shake It
Rise Like a Phoenix
Lane Moje
Satellite
All out of Luck
Heroes
My Number One
Vuelve conmigo
Un, Deux , Trois
 
Antwortstatistiken
Antwort % Korrekt
Satellite
83%
Waterloo
81%
Rise Like a Phoenix
74%
Ein bisschen Frieden
73%
Heroes
63%
Merci, Cheri
50%
Hallelujah
40%
My Number One
40%
Ne partez pas sans moi
38%
Wild Dances
37%
Save your kisses for me
35%
Molitva
34%
Hold Me Now
33%
Everyway That I Can
32%
Ding-a-Dong
31%
Puppet on a String
31%
Diggi-loo Diggi-ley
30%
Après toi
29%
Believe
29%
What's another year
26%
Rock 'n' Roll Kids
21%
Why Me
19%
Making Your Mind Up
18%
Un premier amour
17%
Keine übereinstimmenden Quizze gefunden
Verteilung der Resultate
Anzahl Personen mit jedem Resultat
Perzentil nach korrekt beantworteten Fragen
Ihre Resultats-Entwicklung
Sie haben dieses Quiz noch nicht gespielt